Về chủ nghĩa quan liêu /
Сохранить в:
| Главный автор: | |
|---|---|
| Другие авторы: | |
| Формат: | Sách giấy |
| Язык: | Vietnamese |
| Опубликовано: |
H. :
Sự thật,
1978.
|
| Метки: |
Добавить метку
Нет меток, Требуется 1-ая метка записи!
|
| Thư viện lưu trữ: | Thư viện Trường Đại học Đà Lạt |
|---|
| LEADER | 00657nam a2200289 4500 | ||
|---|---|---|---|
| 001 | DLU140162507 | ||
| 005 | ##20140723 | ||
| 040 | # | # | |a DLU |b vie |
| 041 | # | # | |a vie |
| 044 | # | # | |a vn |
| 082 | # | # | |a 364.168 |b LE-V |
| 100 | # | # | |a Lê-nin, V. I. |
| 245 | # | # | |a Về chủ nghĩa quan liêu / |c V. I. Lê-nin, I. V. Xta-lin. |
| 260 | # | # | |a H. : |b Sự thật, |c 1978. |
| 300 | # | # | |a 160 tr. ; |c 19 cm. |
| 700 | # | # | |a Xta-lin, I. V. |
| 923 | # | # | |a TL |
| 991 | # | # | |a SH |
| 992 | # | # | |a 0,55 |
| 994 | # | # | |a DLU |
| 900 | # | # | |a True |
| 911 | # | # | |a Trương Thị Mỹ Lệ |
| 925 | # | # | |a G |
| 926 | # | # | |a A |
| 927 | # | # | |a SH |
| 980 | # | # | |a Thư viện Trường Đại học Đà Lạt |